Selected Prize Winning Essays on Banking and Finance/ (Record no. 36361)

MARC details
000 -LEADER
fixed length control field 00452nam a22001457a 4500
005 - DATE AND TIME OF LATEST TRANSACTION
control field 20240809120315.0
008 - FIXED-LENGTH DATA ELEMENTS--GENERAL INFORMATION
fixed length control field 240809b |||||||| |||| 00| 0 eng d
082 ## - DEWEY DECIMAL CLASSIFICATION NUMBER
Classification number 332.1
Item number SEL
245 ## - TITLE STATEMENT
Title Selected Prize Winning Essays on Banking and Finance/
Statement of responsibility, etc. The Institute of Bankers in Pakistan
260 ## - PUBLICATION, DISTRIBUTION, ETC.
Place of Publication Karachi;
Name of publisher, distributor, etc. The Institute of Bankers in Pakistan;
Date of publication, distribution, etc. 1998
300 ## - PHYSICAL DESCRIPTION
Pages 420 p.:
650 ## - SUBJECT ADDED ENTRY--TOPICAL TERM
Subject / Department Social Sciences
300 ## - PHYSICAL DESCRIPTION
-- ill.;
-- 22.5 cm.
952 ## - LOCATION AND ITEM INFORMATION (KOHA)
-- 0
-- 0
Holdings
Lost status Damaged status Collection code Permanent Location Current Location Shelving Location Date acquired Full Call Number Accession No./Barcode Date last seen item type Koha item type
    Science Superior Information Resource Center (SIRC) Superior University - City Campus Superior Information Resource Center (SIRC) Superior University - City Campus Economics 08/09/2024 332.1 SEL 1998 2323 08/09/2024 BOOK BOOK

Powered by Koha